01108nam a2200313 450000100060000000300080000600500170001400800390003103500170007003500190008703500170010604000230012304100080014608200220015409000160017609900140019224500950020626000560030130000550035750400190041265000480043165000410047970000230052071000500054374000260059394200120061999900170063195201460064816149BD-RJUL20211208235949.0140211s19701967enkabek 001 0 eng aMITb10156510 a(BD-RJUL)16204 aGLIS00156510 aDLCcDLCdMYGbeng aeng a658.076bPRO 1970 aHD31b.P962 aHD31.P96200aProblems in management :bASCI case collection, second series/cBy Abad Ahmed [and others] aLondon :bAsia Pub. House,cc1967.[Reprinting 1970] axii, 244 p. :billus., form, map, plans. ;c22 cm. aincludes index 0aIndustrial managementvCase studies.946274 0aIndustrial managementzIndia.9459440 aAbad Ahmed.9499882 aAdministrative Staff College of India.9499890 aASCI case collection. 2ddccBK c16149d16149 00102ddc40718NFICaRUCLbRUCLcReadingd1978-05-13easi pub. human g20.00l0o658.076 PRO 1970r2014-02-11 00:00:00tC-1w2014-02-11yBK